000 00315nam a22001337a 4500
008 170201b xxu||||| |||| 00| 0 eng d
020 _a9781930808454
041 _aeng
080 _238TH
_a61
100 _a3
101 _aSHM
245 _aTHE SANFORD GUIDE TO ANTIMICROBAL THERAPY
_cGILBERT, D.N
942 _2udc
_cBK
999 _c4206
_d4206